| 000 | 00888cam a2200301 4500 | ||
|---|---|---|---|
| 008 | 090401t1996 xxu||||| |||| 00| 0 eng d | ||
| 020 | _a0862973287 | ||
| 035 | _a(Sirsi) u16837 | ||
| 041 | _aeng | ||
| 050 | _a306.11 | ||
| 100 | _aBryant, John | ||
| 245 | 2 | _aA guide to the Housing Act 1996. | |
| 260 |
_aLondon _bNational Federation of Housing Associati _c1996 |
||
| 300 | _aviii,106p. ; 30cm. | ||
| 350 | _a15 | ||
| 650 | _aHOMELESSNESS | ||
| 650 | _aHOUSES IN MULTIPLE OCCUPATION | ||
| 650 | _aHOUSING ACT 1996 | ||
| 650 | _aHOUSING BENEFIT | ||
| 650 | _aPROPERTY-RESIDENTIAL PROPERTY-RESIDENTIAL LANDLORD AND TENANT-RESIDENTIAL TENANCIES | ||
| 650 | _aSOCIAL HOUSING | ||
| 650 | _aSOCIAL RENTED SECTOR | ||
| 690 | _aHOUSING | ||
| 700 | _aJackson, Alistair | ||
| 710 |
_aNational Federation of Housing Associations _9959 |
||
| 942 | _n0 | ||
| 948 | _c04/03/1997 | ||
| 999 |
_c87452 _d87452 |
||